Estatísticas para Cultura Geral

Clique aqui para jogar o quiz

Estatísticas Gerais

  • Esse quiz foi jogado 11 vezes
  • A pontuação média é 5 de 15

Estatísticas das Respostas

HintResposta% Correto
Que nome damos á pessoa que tem a capacidade de aprender algo sem ter um professor ou mestre lhe ensinando ou ministrando aulas?Autodidata
60%
Que nome damos ás peças de joalheria ou bijuteria que servem para adornar as orelhas?Brincos
60%
Que nome damos a toda pessoa física ou jurídica que adquire algum produto ou serviço para seu consumo?Consumidor
60%
Que nome damos ao local onde modelos fazem os desfiles de moda?Passarela
60%
Que nome damos a uma folha de papel impresso destinada a ser fixada em uma parede ou outra superfície vertical?Cartaz
50%
Que nome damos ao traje usado por um personagem de uma produção artística?Figurino
50%
Que nome damos ao profissional que idealiza ou cria o figurino?Figurinista
40%
Que nome damos á veste feminina que cobre todo o corpo, até o rosto e os olhos, porém nos olhos há uma rede para se poder enxergar e que é usada pelas mulheres muçulmanas em alguns países islâmicos?Burca
30%
Que nome damos á arte ou artesanato de decoração de tecidos ou outros materiais com agulha e linha ou fio?Bordado
20%
Que nome damos ao antigo sistema de cópias em série baseado em carbono?Mimeógrafo
10%
Que nome damos á adoção ou assimilação pela cultura ocidental?Ocidentalismo
10%
Que nome damos á ideologia de que todos os seres humanos pertencem a uma única comunidade, com base em uma moralidade compartilhada?Cosmopolitismo
0%
Que nome damos ao uso de ironia para transmitir desprezo?Sarcamos
0%
Que nome damos a uma sombra de algo, de tamanho miniaturizado?Silhueta
0%
Que nome damos á veste feminina que cobre o corpo todo com a exceção do rosto e às vezes é usada no Irão?Xador
0%

Distribuição das Pontuações

Percentil de Números Respondidos

Porcentagem de Pessoas com Cada Pontuação

Sua Pontuação Histórica

Você não jogou esse quiz